| 000 | 00559nam a22002057a 4500 | ||
|---|---|---|---|
| 001 | 22908 | ||
| 003 | BD-RjUL | ||
| 005 | 20211209000853.0 | ||
| 008 | 140309b1983 B ||||| |||| 00| 0 eng d | ||
| 035 | _a(BD-RjUL)22973 | ||
| 040 |
_aBD-RjUL _beng _cBD-RjUL |
||
| 041 | _aeng | ||
| 082 |
_a879.92 _bCHG 1953 |
||
| 100 |
_aChowdhury, kabir _968385 |
||
| 245 |
_aGreco-roman drama / _ckabir Chowdhury |
||
| 260 |
_aDhacca : _bUniversity of Dacca, _c1983 |
||
| 300 |
_a72 P. ; _c22 CM. |
||
| 650 |
_aLatin drama _xHistory and criticism. _9164667 |
||
| 942 |
_2ddc _cBK |
||
| 999 |
_c22908 _d22908 |
||